Lanean...

Language issue in India

Xehetasun bibliografikoak
Egile nagusia: Prasad, N K
Formatua: Printed Book
Argitaratua: Delhi Leeladevi Publications 1979
Gaiak:
LEADER 00466nam a2200157 4500
082 |a 409 PRA-L 
100 |a Prasad, N K 
245 |a Language issue in India 
250
260 |a Delhi  |b Leeladevi Publications  |c 1979 
300
490
650 |a Language - Historical & geographical treatment 
942 |c BK 
999 |c 222751  |d 222751 
952 |0 0  |1 0  |4 0  |6 409_000000000000000_PRAL  |7 0  |9 236884  |a SDE  |b SDE  |d 2019-12-12  |l 0  |o 409 PRA-L  |p SDE2036  |r 2019-12-12  |w 2019-12-12  |y BK